| Tag |
First Indicator |
Second Indicator |
Subfields |
| LEADER |
00000cam a2200000 a 4500 |
| 001 |
in00000082070 |
| 005 |
20151008055502.0 |
| 008 |
810731s1980 nyu 00011 eng |
| 010 |
|
|
|a 80006673
|
| 020 |
|
|
|a 0877952833 :
|c $11.95
|
| 035 |
|
|
|a (OCoLC)06886493
|
| 035 |
|
|
|9 AAJ3589AM
|
| 039 |
0 |
|
|a 2
|b 3
|c 3
|d 3
|e 3
|
| 040 |
|
|
|a DLC
|c DLC
|d OCL
|d TXA
|d UtOrBLW
|
| 049 |
|
|
|a TXAM
|c [1361914]
|
| 050 |
0 |
0 |
|a PS3553.H33
|b D3 1980
|
| 082 |
0 |
|
|a 813/.54
|2 19
|
| 100 |
1 |
|
|a Charyn, Jerome.
|
| 245 |
1 |
0 |
|a Darlin' Bill :
|b a love story of the Wild West /
|c by Jerome Charyn.
|
| 264 |
|
1 |
|a New York :
|b Arbor House,
|c [1980]
|
| 264 |
|
4 |
|c ©1980
|
| 300 |
|
|
|a 300 pages ;
|c 22 cm.
|
| 336 |
|
|
|a text
|b txt
|2 rdacontent
|
| 337 |
|
|
|a unmediated
|b n
|2 rdamedia
|
| 338 |
|
|
|a volume
|b nc
|2 rdacarrier
|
| 600 |
1 |
0 |
|a Hickok, Wild Bill,
|d 1837-1876
|x Fiction.
|
| 999 |
|
|
|a MARS
|
| 999 |
f |
f |
|s 7b4898a1-de95-3534-bcfd-c4614eac42d1
|i cb9b3ecc-6c8f-392b-8183-1386e3e43d93
|t 0
|
| 952 |
f |
f |
|p ric
|a Texas A&M University
|b Rellis Campus
|c Joint Library Facility
|d Remote Storage
|t 0
|e PS3553.H33 D3 1980
|h Library of Congress classification
|i unmediated -- volume
|m A14806192006
|
| 998 |
f |
f |
|a PS3553.H33 D3 1980
|t 0
|l Remote Storage
|